000 00369nam a2200133Ia 4500
005 20260328104245.0
008 260328s9999||||xx |||||||||||||| ||und||
100 _aGonzález Rul, Manuel
245 0 _aCinco Años de Arquitectura Social en México /
_cManuel González Rul
260 _bLa Prensa
300 _a128 p.
650 _aARQUITECTURA - CULTURA
942 _cBK
999 _c10047
_d10047